[Event "Campeonato Individual-Segunda categoría"]
[Site "?"]
[Date "2015.10.24"]
[Round "2.12"]
[White "Diar Ruiz, Eduardo"]
[Black "Hinojal Oquendo, Javier"]
[Result "0-1"]
[WhiteElo "1608"]
[BlackElo "1727"]
[PlyCount "66"]

1. e4 e5 2. Nf3 Nc6 3. Bc4 d6 4. Nc3 h6 5. d3 Nf6 6. Be3 Na5 7. Qd2 Nxc4 8.
dxc4 Bg4 9. h3 Bh5 10. g4 Bg6 11. Qd3 Be7 12. O-O-O Qd7 13. Rhg1 Qc6 14. Nd2
Nd7 15. Nd5 Nf6 16. Nxe7 Kxe7 17. f3 Nd7 18. b4 Qa4 19. a3 Rhd8 20. h4 f6 21.
g5 hxg5 22. hxg5 Rg8 23. gxf6+ gxf6 24. Rg3 Bf7 25. Rdg1 Rxg3 26. Rxg3 Rg8 27.
Rh3 Nf8 28. Kb2 Qd7 29. Rh6 b6 30. f4 Rg6 31. fxe5 fxe5 32. Rxg6 Nxg6 33. Bg5+
Ke8 {Inlegible apartir de aquí} 0-1

[Event "Campeonato Individual-Segunda Categoría"]
[Site "?"]
[Date "2015.10.26"]
[Round "2.13"]
[White "Acedo Peña, Javier"]
[Black "Carazo Fernandez, Alexander"]
[Result "1/2-1/2"]
[WhiteElo "1670"]
[BlackElo "1602"]
[PlyCount "112"]

1. d4 Nf6 2. Bf4 e6 3. Nf3 d5 4. e3 c5 5. c4 Qa5+ 6. Qd2 Qxd2+ 7. Nbxd2 Nc6 8.
a3 a5 9. Bd3 Be7 10. h3 Nh5 11. Bh2 Bd7 12. Rc1 cxd4 13. exd4 Nf6 14. O-O O-O
15. Rfe1 h6 16. cxd5 Nxd5 17. Bb5 Rfc8 18. Bxc6 Bxc6 19. Ne5 Be8 20. Nb3 b6 21.
Rxc8 Rxc8 22. Rc1 Rxc1+ 23. Nxc1 f6 24. Nf3 Bb5 25. Ne1 Kf7 26. Ned3 g5 27. Bg3
Kg6 28. h4 Kh5 29. hxg5 hxg5 30. Kf1 f5 31. Be5 g4 32. Ke1 Bg5 33. g3 Bd8 34.
Nf4+ Nxf4 35. Bxf4 Bc6 36. Be5 Kg6 37. Ne2 Kf7 38. Nf4 Bf6 39. Nd3 Be4 40. Bxf6
Kxf6 41. Ne5 b5 42. Kd2 Bb7 43. Ke3 Kg5 44. Nd3 Be4 45. Nc5 Bd5 46. Nd3 Be4 47.
Ne5 Bg2 48. Nf7+ Kf6 49. Ne5 Kg5 50. Nd3 Be4 51. Nc1 Bd5 52. Ne2 Bg2 53. Nf4
Bd5 54. Kd2 Kf6 55. Kc3 Bc6 56. b4 a4 1/2-1/2

[Event "Campeonato Individual-Segunda Categoría"]
[Site "?"]
[Date "2015.10.31"]
[Round "3.2"]
[White "Quintana Gomez, Peio"]
[Black "Feernandez Almeida, Joseba"]
[Result "0-1"]
[WhiteElo "1662"]
[BlackElo "1838"]
[PlyCount "156"]
[SourceDate "2015.10.31"]

1. d4 Nf6 2. Nf3 e6 3. Bf4 d5 4. e3 Be7 5. Bd3 O-O 6. Ne5 Nbd7 7. Qf3 c5 8. c3
c4 9. Bc2 Re8 10. h4 h5 11. Bg5 Nxe5 12. dxe5 Ng4 13. Bxe7 Qxe7 14. Nd2 g6 15.
Qg3 Qc7 16. f4 Qb6 17. Ke2 Qxb2 18. Rhc1 Qa3 19. Nf1 Qe7 20. Nh2 Nxh2 21. Qxh2
Kg7 22. Rg1 Bd7 23. g4 hxg4 24. Rxg4 Rh8 25. Rag1 Rag8 26. h5 Kf8 27. h6 Ke8
28. Rg5 Kd8 29. f5 exf5 30. e6 Bxe6 31. Bxf5 Bxf5 32. Rxf5 Kc8 33. Rxd5 Rd8 34.
Rgd1 Rxd5 35. Rxd5 Qc7 36. Qh4 a6 37. Rd4 b5 38. Qg5 Qh2+ 39. Kf3 Qh3+ 40. Kf4
Qf5+ 41. Qxf5+ gxf5 42. Rd6 a5 43. Ra6 Kb7 44. Rxa5 Kb6 45. Ra3 Rxh6 46. Ra8
Re6 47. Rh8 Re4+ 48. Kf3 Re6 49. Rh5 b4 50. cxb4 c3 51. Rh2 Kb5 52. a3 Ka4 53.
Rc2 Kb3 54. Rc1 Kb2 55. Rh1 c2 56. Ke2 c1=Q 57. Rxc1 Kxc1 58. Kd3 Re4 59. b5
Kb2 60. b6 Kxa3 61. Ke2 Rb4 62. Kf3 Rxb6 63. Kf4 Rb5 64. Kg5 Re5 65. Kf4 f6 66.
Kf3 Kb3 67. Ke2 Kc3 68. Kf2 Kd3 69. Kg3 Rxe3+ 70. Kf4 Re5 71. Kf3 Re4 72. Kf2
Re3 73. Kf1 Re2 74. Kg1 Ke3 75. Kh1 Ra2 76. Kg1 Kf3 77. Kh1 Kg3 78. Kg1 Ra1#
0-1

[Event "Campeonato Individual-Segunda categoría"]
[Site "?"]
[Date "2015.10.31"]
[Round "3.1"]
[White "Naveran Urrutia, Luis"]
[Black "Delgado Bilbao, Jorge"]
[Result "1/2-1/2"]
[WhiteElo "1744"]
[BlackElo "1632"]
[PlyCount "40"]
[SourceDate "2015.10.31"]

1. e4 c5 2. Nf3 d6 3. c3 Nf6 4. Be2 Nbd7 5. d3 e6 6. h3 Be7 7. Bf4 b6 8. O-O
O-O 9. Nbd2 Bb7 10. Nc4 Qc7 11. e5 dxe5 12. Ncxe5 Rfd8 13. Ng6 e5 14. Nxe7+ Kf8
15. Bg3 Kxe7 16. d4 cxd4 17. cxd4 Qc6 18. Rc1 Qe6 19. Bc4 Bd5 20. dxe5 Bxc4
1/2-1/2

[Event "Campeonato Individual-Segunda Categoría"]
[Site "?"]
[Date "2015.10.31"]
[Round "3.3"]
[White "Castan Urquijo, Pedro"]
[Black "Rocillo Mateo, Josu Eder"]
[Result "0-1"]
[WhiteElo "1685"]
[BlackElo "1768"]
[PlyCount "84"]

1. f4 g6 2. Nf3 c5 3. e3 Bg7 4. d4 cxd4 5. exd4 Nf6 6. c3 O-O 7. Bd3 d6 8. O-O
a6 9. Nbd2 Nbd7 10. Ne4 Qc7 11. Nxf6+ Nxf6 12. Bd2 b5 13. Qe1 Ng4 14. Qh4 f5
15. Rae1 Bf6 16. Qg3 Bb7 17. Ng5 Qa5 18. h3 Nh6 19. Qh4 Bg7 20. Rxe7 Bd5 21. a3
Rae8 22. Rfe1 Rxe7 23. Rxe7 Qd8 24. Qe1 Bf6 25. Re2 Bxg5 26. fxg5 Nf7 27. Qg3
Bc4 28. Bxc4 bxc4 29. Re6 Re8 30. Qe3 Kf8 31. h4 Qd7 32. Rxe8+ Qxe8 33. Qxe8+
Kxe8 34. Kf2 Kd7 35. Kf3 Ke6 36. Kf4 Kd5 37. g4 fxg4 38. Kxg4 Ke4 39. h5 Kd3
40. hxg6 hxg6 41. Be1 Kc2 42. Kf4 d5 0-1

[Event "Campeonato Individual-Segunda Categoría"]
[Site "?"]
[Date "2015.10.31"]
[Round "3.10"]
[White "Alba Colinas, Gerardo"]
[Black "LaFuente Ollero, Alberto"]
[Result "0-1"]
[WhiteElo "1698"]
[BlackElo "1825"]
[PlyCount "70"]
[SourceDate "2015.10.31"]

1. e4 e5 2. Nf3 Nc6 3. Nc3 Nf6 4. d4 exd4 5. Nxd4 Bb4 6. Nxc6 bxc6 7. Bd3 d5 8.
e5 d4 9. exf6 Qxf6 10. Qe2+ Be6 11. Bd2 dxc3 12. bxc3 Bxc3 13. Rd1 Bxd2+ 14.
Rxd2 O-O 15. Qe4 g6 16. O-O Bd5 17. Qa4 Bxg2 18. Rb1 Qg5 19. f4 Qc5+ 20. Kxg2
Rfd8 21. Rbd1 Rd4 22. c4 Rad8 23. Qc2 Qd6 24. Qc3 Qxf4 25. Rf2 Qg4+ 26. Kh1
Qxd1+ 27. Bf1 Qg4 28. Qb3 Rd2 29. Rf3 Rb2 30. Qe3 Qh5 31. Rh3 Qf5 32. Rf3 Qc2
33. Qh6 Qe4 34. Qh3 Rf2 35. Bg2 Rd1+ 0-1

[Event "Campeonato Individual Segunda Categoría"]
[Site "?"]
[Date "2015.10.31"]
[Round "3.5"]
[White "Ruiz Macias, Javier"]
[Black "García Ortega, Joseba"]
[Result "0-1"]
[WhiteElo "1694"]
[BlackElo "1668"]
[PlyCount "110"]

1. e4 c5 2. Nf3 Nc6 3. d4 cxd4 4. Nxd4 d6 5. c4 g6 6. b3 Bg7 7. Bb2 Nf6 8. Nxc6
bxc6 9. Be2 O-O 10. Nc3 Nxe4 11. Qc2 Nxc3 12. Bxc3 Bxc3+ 13. Qxc3 Qb6 14. O-O
c5 15. Rfe1 Be6 16. Bd3 a5 17. a4 Rab8 18. Bc2 Qb4 19. Qe3 Rfe8 20. Qg3 Kg7 21.
Re2 Qb7 22. Qc3+ Kg8 23. Qxa5 Qb4 24. Qxb4 Rxb4 25. f3 Bf5 26. Bxf5 gxf5 27.
Rb1 Kf8 28. Kf2 Ra8 29. Reb2 e6 30. Ke3 Ke7 31. Kd3 d5 32. cxd5 exd5 33. Rc2
Kd6 34. Rcc1 Rab8 35. Kc3 d4+ 36. Kc2 Kd5 37. Re1 c4 38. bxc4+ Rxc4+ 39. Kd2
Rxb1 40. Rxb1 Rxa4 41. Rb5+ Kc4 42. Rxf5 Ra2+ 43. Kd1 Kd3 44. Ke1 Rxg2 45. Rxf7
Rxh2 46. f4 Ke3 47. Kd1 Rh1+ 48. Kc2 d3+ 49. Kc3 Rc1+ 50. Kb2 d2 51. f5 d1=Q
52. Rxh7 Qc2+ 53. Ka3 Ra1+ 54. Kb4 Rb1+ 55. Ka3 Qb3# 0-1

[Event "Campeonato Individual Segunda Categoría"]
[Site "?"]
[Date "2015.10.31"]
[Round "3.9"]
[White "Zoco Gallardo, Ignacio"]
[Black "Gamendia Manero, Jose Maria"]
[Result "1-0"]
[WhiteElo "1708"]
[BlackElo "1598"]
[PlyCount "91"]

1. e4 c5 2. Nf3 d6 3. d4 cxd4 4. Nxd4 Nf6 5. Nc3 Nc6 6. Bg5 e5 7. Nb3 Be7 8.
Qd2 O-O 9. O-O-O Be6 10. Bxf6 Bxf6 11. Qxd6 Qb6 12. Qd2 h6 13. h4 Rac8 14. f3
Rfd8 15. Qe1 Nd4 16. Bd3 Be7 17. g4 Bb4 18. g5 h5 19. Na4 Nxb3+ 20. axb3 Qa5
21. c3 Bxb3 22. Bc2 Bxc2 23. Rxd8+ Rxd8 24. Kxc2 Qxa4+ 25. Kb1 Bc5 26. Qg3 Rd1+
27. Rxd1 Qxd1+ 28. Ka2 Bd6 29. g6 f6 30. Qh3 Qa4+ 31. Kb1 Qe8 32. Qf5 Kf8 33.
Qxh5 Ke7 34. Qh7 Qf8 35. h5 Ke6 36. h6 gxh6 37. g7 Qf7 38. g8=Q Qxg8 39. Qxg8+
Kd7 40. Qg7+ Be7 41. Qxh6 b5 42. Kc2 a5 43. Qh3+ Kd6 44. Qc8 a4 45. Qa6+ Kc5
46. Qe6 1-0

[Event "Campeonato Individual-Segunda Categoría"]
[Site "?"]
[Date "2015.10.31"]
[Round "3.8"]
[White "Morland Jean, Albert"]
[Black "Hinojal Oquendo, Javier"]
[Result "0-1"]
[WhiteElo "1671"]
[BlackElo "1727"]
[PlyCount "69"]

1. d4 d5 2. c4 c6 3. Nc3 Nf6 4. Nf3 e6 5. e3 Bb4 6. Bd2 O-O 7. a3 Bxc3 8. Bxc3
Nbd7 9. c5 Ne4 10. Qc2 f5 11. Be2 f4 12. O-O h6 13. Be1 Qe8 14. b4 Qe7 15. b5
Ng5 16. Nh4 Nh3+ 17. gxh3 Qxh4 18. Bg4 Nf6 19. f3 Nxg4 20. Bxh4 Nxe3 21. Qe2
Nxf1 22. Rxf1 Rf5 23. Be7 Bd7 24. Rf2 Kf7 25. Bd6 cxb5 26. Rg2 Rg8 27. Qd2 g5
28. h4 Kg6 29. hxg5 hxg5 30. Bxf4 Kh5 31. Bg3 b6 32. cxb6 axb6 33. f4 gxf4 34.
Qe2+ f3 35. Rf2 0-1

[Event "Campeonato Individual-Segunda Categoría"]
[Site "?"]
[Date "2015.10.31"]
[Round "3.11"]
[White "Francisco Etxeberria, Jon Andoni"]
[Black "Herrero Lopez, Cesar"]
[Result "0-1"]
[WhiteElo "1672"]
[BlackElo "1823"]
[PlyCount "119"]
[SourceDate "2015.10.31"]

1. d4 d5 2. Nf3 b6 3. Bf4 Ba6 4. Nbd2 h6 5. e3 Bxf1 6. Nxf1 Nd7 7. N1d2 Ngf6 8.
c4 Nh5 9. cxd5 Nxf4 10. exf4 Nf6 11. Qa4+ Qd7 12. Qxd7+ Nxd7 13. Ne4 f5 14. Nc3
Nf6 15. O-O Rd8 16. Rac1 Nxd5 17. Nxd5 Rxd5 18. Rxc7 Rd7 19. Rc8+ Rd8 20. Rfc1
e6 21. Ne5 Bd6 22. Rxd8+ Kxd8 23. Nf7+ Ke7 24. Nxh8 Kf6 25. g3 g5 26. Rc6 Bb8
27. Rc8 Bd6 28. fxg5+ hxg5 29. Rg8 f4 30. g4 e5 31. Rg6+ Ke7 32. Rxd6 Kxd6 33.
Nf7+ Ke6 34. Nxe5 Kd5 35. Nf3 a5 36. Kg2 b5 37. Kf1 a4 38. Ke2 Ke4 39. d5 Kxd5
40. Kd3 Kc5 41. Nxg5 Kb4 42. Ne4 a3 43. b3 Ka5 44. g5 Kb6 45. g6 f3 46. g7 Ka5
47. g8=Q Kb4 48. Qf8+ Ka5 49. Kc3 Ka6 50. Qb4 Kb6 51. Kd4 Kc6 52. Nc3 Kc7 53.
Kc5 Kb7 54. Qxb5+ Kc7 55. Qa6 Kb8 56. Qh6 Kb7 57. Qg6 Ka7 58. Kb5 Kb7 59. Qf7+
Kc8 60. Kc6 0-1

[Event "Campeonato Individual-Segunda Categoría"]
[Site "?"]
[Date "2015.10.31"]
[Round "3.4"]
[White "Vinuesa Cerezo, Benito"]
[Black "Sanchez Ramiro, Jose Javier"]
[Result "1-0"]
[WhiteElo "1685"]
[BlackElo "1701"]
[PlyCount "89"]

1. f4 d5 2. Nf3 g6 3. c3 Bg7 4. e3 Bg4 5. Be2 e6 6. O-O Nd7 7. d4 Ngf6 8. Nbd2
O-O 9. Qe1 Ne4 10. h3 Bxf3 11. Bxf3 f5 12. Be2 Ndf6 13. Nxe4 Nxe4 14. Bd3 Bf6
15. Bxe4 fxe4 16. g3 Qd6 17. b4 g5 18. Kh2 Kh8 19. Rg1 Qe7 20. a4 gxf4 21. exf4
b6 22. b5 Qd7 23. Be3 a6 24. Qe2 axb5 25. axb5 Be7 26. g4 c5 27. g5 Qe8 28. Ra6
Rxa6 29. bxa6 Qa4 30. Qh5 Rg8 31. Rg2 Rg6 32. Qe2 Rg8 33. Qh5 Rg6 34. f5 exf5
35. Bf4 Qxa6 36. h4 cxd4 37. Be5+ Kg8 38. cxd4 b5 39. Rc2 Bd6 40. Qe2 Bxe5+ 41.
dxe5 Re6 42. Rc5 Rxe5 43. Rxb5 Qd6 44. Rb2 Re7+ 45. Kg2 {Apartir de aqui
initeligible} 1-0

[Event "Campeonato Individual-Segunda Categoría"]
[Site "?"]
[Date "2015.10.31"]
[Round "3.14"]
[White "Diaz Ruiz, Eduardo"]
[Black "Villan Miravalles, Mikel"]
[Result "1-0"]
[WhiteElo "1608"]
[BlackElo "1601"]
[PlyCount "87"]

1. e4 e6 2. Nf3 d5 3. exd5 exd5 4. d4 f5 5. Bd3 Nf6 6. O-O Be7 7. Re1 O-O 8. c4
c6 9. Nc3 Ne4 10. Qe2 Nd7 11. cxd5 cxd5 12. Nxd5 Ndf6 13. Nxe7+ Qxe7 14. Bg5 a6
15. Nd2 Qd6 16. Bxe4 fxe4 17. Bxf6 Qxf6 18. Nb3 Bd7 19. Qxe4 Qxf2+ 20. Kh1 Bc6
21. d5 Rae8 22. Qb1 Bxd5 23. Rg1 Bxb3 24. axb3 Re2 25. Qd3 Rfe8 26. Qc4+ Kh8
27. Qc3 R2e3 28. Qd4 Qf6 29. Qd5 Qe6 30. Qa5 Rxb3 31. Rge1 Qf7 32. Rad1 Rxe1+
33. Rxe1 h6 34. Qa2 Qc4 35. Re8+ Kh7 36. Qb1+ Qd3 37. Qc1 Qd4 38. Qf1 Qf6 39.
Qb1+ Qg6 40. Rh8+ Kxh8 41. Qxg6 Rxb2 42. h3 Rb5 43. Kh2 a5 44. Qe8+ 1-0

[Event "Campeonato Individual-Segunda Categoría"]
[Site "?"]
[Date "2015.10.31"]
[Round "3.13"]
[White "Aguirregomezkorta Etxezarrete, Jose  Miguel"]
[Black "San Maned Sotelo, Manuel"]
[Result "1/2-1/2"]
[WhiteElo "1736"]
[BlackElo "1619"]
[PlyCount "120"]

1. e4 Nc6 2. Nf3 e5 3. d4 exd4 4. Nxd4 b6 5. Bc4 Ne5 6. Bb3 Bb7 7. Qe2 Nf6 8.
Nd2 Bb4 9. c3 Bc5 10. O-O O-O 11. Bc2 a5 12. b3 Ba6 13. Nc4 Nxc4 14. bxc4 Re8
15. Bd3 Bb7 16. Bg5 Bd6 17. h3 Qe7 18. Nf5 Qe5 19. Nxd6 Qxd6 20. f3 Qg3 21.
Bxf6 gxf6 22. Qf2 Qf4 23. Rab1 Re5 24. g3 Qh6 25. Kg2 Kh8 26. Rb5 Rg8 27. Rxe5
fxe5 28. Rd1 d6 29. c5 Bc8 30. g4 dxc5 31. Bc4 Be6 32. Bxe6 Qxe6 33. Qd2 Qe7
34. c4 Kg7 35. a4 c6 36. Qd6 Qxd6 37. Rxd6 b5 38. Rxc6 bxc4 39. Rxc5 c3 40.
Rxc3 Ra8 41. Kg3 Ra6 42. Rc5 f6 43. f4 exf4+ 44. Kxf4 Kg6 45. h4 h6 46. h5+ Kf7
47. Kf5 Re6 48. Rxa5 Re7 49. e5 fxe5 50. Rxe5 Ra7 51. a5 Ra6 52. g5 hxg5 53.
Kxg5 Rc6 54. Rb5 Ra6 55. h6 Rg6+ 56. Kh5 Ra6 57. h7 Kg7 58. Rb7+ Kh8 59. Rb6
Rxa5+ 60. Kh6 Ra8 1/2-1/2

[Event "Campeonato Individual-Segunda categoria"]
[Site "?"]
[Date "2015.10.31"]
[Round "3.7"]
[White "Cano Ortega, Ander"]
[Black "Cerezo Goikolea, Pedro María"]
[Result "1-0"]
[WhiteElo "1646"]
[BlackElo "1743"]
[PlyCount "139"]

1. Nf3 Nf6 2. g3 c6 3. Bg2 e6 4. O-O h6 5. d3 Be7 6. e4 d6 7. Re1 e5 8. c3 Bg4
9. Nbd2 Nbd7 10. d4 Nh7 11. h3 Bh5 12. g4 Bg6 13. Qb3 Qc7 14. Nf1 Ng5 15. Nxg5
hxg5 16. Ng3 O-O-O 17. Nf5 Bxf5 18. exf5 Rdf8 19. Qa3 Bf6 20. Qxa7 Nb6 21. dxe5
Bxe5 22. Bxg5 Kd7 23. Qa3 Nc4 24. Qb3 b5 25. a4 Rb8 26. axb5 cxb5 27. Rad1 Rhe8
28. Bd5 f6 29. Be3 Nxe3 30. Rxe3 Qc5 31. Be6+ Kc7 32. Qd5 Qxd5 33. Bxd5 Bf4 34.
Rxe8 Rxe8 35. Kf1 Re5 36. Be6 Kc6 37. Re1 Rxe1+ 38. Kxe1 Bc1 39. b3 d5 40. Ke2
Kc5 41. Kd3 Bf4 42. Bd7 Be5 43. h4 d4 44. b4+ Kd5 45. Be6+ Kd6 46. cxd4 Bf4 47.
Bf7 Ke7 48. Bd5 Kd6 49. Bf7 Ke7 50. Be6 Bd6 51. Kc3 Bf4 52. Bd5 Kd6 53. Be4 Bc1
54. Bd3 Kc6 55. d5+ Kxd5 56. Bxb5 Bf4 57. Bd3 Be5+ 58. Kb3 Bd4 59. f3 Bf2 60.
h5 Kc6 61. Kc4 Be3 62. Be4+ Kd6 63. Kb5 Kc7 64. Kc4 Kd6 65. b5 Bb6 66. g5 fxg5
67. f6 Ke6 68. fxg7 Kf7 69. h6 Bd8 70. Bd5+ 1-0